000 00640nam a2200181Ia 4500
003 GCL
008 140319s9999 xx 000 0 ara d
040 _aGCL /
_cGCL
082 0 4 _a810.99569
_bك ا
100 1 _aكامل السوافيرى
245 1 0 _aالادب العربى المعاصر فى فلسطين من (1860 - 1960) /
_cكامل السوافيرى
260 _a[S.N] :
_bدار المعارف ،
_c1979
300 _a404 ص
490 _aمكتبة الدراسات الادبية
_v0
650 0 4 _aالادب العربى فى فلسطين
650 0 4 _aالادب العربى - تاريخ ونقد
942 _2ddc
_cBK
999 _c31338
_d31338